Benthic rotifers and flow velocity in two low-order streams

Bibliographic Details
Main Authors: Linhartová, Šárka (Author), Linhart, Jakub (Author), Uvíra, Vladimír (Author)
Format: Article
Language:English

MARC

LEADER 00000nab a2200000uu 4500
001 vtls011438217
003 SK-MaSNL
005 20260303122720.0
008 230213|2005 xo |||||||||||||||||eng|
015 |a SNBRB 
035 |a (urnnbn)urn:nbn:sk:snk:ar-002oa3 
035 |a (uuid)6dc9b94a-c1af-487a-8647-5b93005a5815 
035 |a urn:nbn:sk:snk-abcd74 
040 |a SNKBUCL  |b slo  |c SNKBUCL  |e AACR2 
041 0 |a eng 
044 |a xo  |c SK 
100 1 |a Linhartová, Šárka  |4 aut  |9 1137725 
245 1 0 |a Benthic rotifers and flow velocity in two low-order streams  |c Šárka Linhartová, Jakub Linhart, Vladimír Uvíra 
700 1 |a Linhart, Jakub  |4 aut  |9 1137726 
700 1 |a Uvíra, Vladimír  |4 aut  |9 1137727 
773 0 |t Biologia : journal of the Slovak Academy of Sciences  |g Roč. 60, č. 2 (2005), s. 151-158 
954 |a odborná, vedecká literatúra cudzojazyčná (svetová)  |2 lita 
958 |a OND 
958 |a EUIPO 
958 |a article16 
999 |c 1922021  |d 1923951